| 000 | 00608nam a22002057a 4500 | ||
|---|---|---|---|
| 999 |
_c4505 _d4505 |
||
| 003 | AR-CdUCM | ||
| 008 | 190308b ||||| |||| 00| 0 spa d | ||
| 040 |
_aMUNICIPALIDAD PROVINCIAL DEL CUSCO _cBIBLIOTECA MUNICIPAL DEL CUSCO |
||
| 082 |
_a869.812 / _bF395 |
||
| 100 |
_aFernández de la Vega, Oscar _914134 |
||
| 245 | _aAgonemas martianos / | ||
| 260 |
_aEspaña : _bPlayor, _c1975. |
||
| 300 |
_a96 páginas ; _c18.5 cm. |
||
| 650 |
_aPoetas uruguayos _914135 |
||
| 650 |
_aPoesía Uruguaya _92908 |
||
| 650 |
_aJosé martí _96318 |
||
| 650 |
_aSiglo XX _98 |
||
| 942 |
_2ddc _cLIBROS |
||
| 945 | _alccs | ||